| 000 | 00465cam a2200169 4500 | ||
|---|---|---|---|
| 001 | D12840 | ||
| 008 | 090401t1922 xxu||||| |||| 00| 0 eng d | ||
| 035 | _a(Sirsi) u6195 | ||
| 041 | _aeng | ||
| 100 | _aGordon, J.W. | ||
| 245 | _aGeneralised linear perspective, treated with special reference to photographic land surveying and military reconnaissance | ||
| 260 |
_bConstable _c1922 |
||
| 350 | _a0 | ||
| 520 | _aShelf 181 | ||
| 942 | _n0 | ||
| 948 | _c04/03/1997 | ||
| 999 |
_c86254 _d86254 |
||